Recyklácia bokom, ide o peniaze

Recyklácia odpadov na Slovensku. Recyklačný fond, jeho zástancovia a odporcovia. Nové poplatky. Príjmy a príspevky Recyklačného fondu v rokoch 2002-2006.

Gespeichert in:
Bibliographische Detailangaben
1. Verfasser: Marčan, Peter
Format: Buchkapitel
Sprache:Slowakisch
Schlagworte:
Tags: Tag hinzufügen
Keine Tags, Fügen Sie das erste Tag hinzu!

MARC

LEADER 00000naa$a2200000$$$4500
001 0062563
005 20231009073719.3
041 0 |a slo 
044 |a SK 
245 1 0 |a Recyklácia bokom, ide o peniaze  |c Peter Marčan 
520 |a Recyklácia odpadov na Slovensku. Recyklačný fond, jeho zástancovia a odporcovia. Nové poplatky. Príjmy a príspevky Recyklačného fondu v rokoch 2002-2006. 
610 2 0 |a odpad 
610 2 0 |a recyklácia odpadu 
610 2 0 |a spracovanie odpadu 
610 2 0 |a poplatky 
610 2 0 |a príjmy 
100 1 |a Marčan, Peter